| 000 | 00873nam a22002297a 4500 | ||
|---|---|---|---|
| 999 |
_c19059 _d19059 |
||
| 003 | AR-CdUCM | ||
| 008 | 190516b ||||| |||| 00| 0 spa d | ||
| 040 |
_aMUNICIPALIDAD PROVINCIAL DEL CUSCO _cBIBLIOTECA MUNICIPAL DEL CUSCO |
||
| 082 |
_a869.56 / _bS26 |
||
| 100 |
_aSanchez, Luis Alberto _91008 |
||
| 245 | _aLa universidad actual y la rebelión juvenil / | ||
| 260 |
_aBuenos Aires : _bLosada, _c1969. |
||
| 300 |
_a270 páginas ; _c20 cm. |
||
| 440 |
_aCristal del tiempo ; _919951 |
||
| 505 | _aContenido: El problema de la juventud -- La universidad en la América Latina -- La universidad y el medio social latinoamericano, los colegios regionales y el comando intermedio ... | ||
| 650 |
_aUniversidad _91570 |
||
| 650 |
_aJuventud _94964 |
||
| 650 |
_aEducación _9460 |
||
| 650 |
_aAmérica Latina _91130 |
||
| 942 |
_2ddc _cLIBROS |
||
| 945 |
_aacv _d2019-05-16 |
||